[Event "Rosenbloom mem."]
[Site "Winnipeg CAN"]
[Date "2017.11.??"]
[Round "2"]
[White "Rutter, Blair"]
[Black "Wiebe, Isaac"]
[Result "0-1"]
[WhiteElo "2015"]
[BlackElo "2261"]
[WhiteFideId "-1"]
[WhiteFideId "-1"]
[PlyCount "102"]
[GameId "2160767908309102"]
[EventDate "2017.11.07"]
[EventType "swiss"]
[EventRounds "7"]
[EventCountry "CAN"]
[SourceTitle "EXT 2022"]
[Source "ChessBase"]
[SourceDate "2021.10.06"]
[SourceVersion "1"]
[SourceVersionDate "2021.10.06"]
[SourceQuality "1"]

1. c4 e5 2. g3 Nf6 3. Bg2 c6 4. Nf3 e4 5. Ng5 d5 6. cxd5 cxd5 7. d4 Nc6 8. Nc3 Qb6 9. e3 h6 10. Nh3 Bg4 11. Qd2 g5 12. O-O Qd8 13. Kh1 Bd6 14. Qc2 Qd7 15. Ng1 h5 16. f3 exf3 17. Bxf3 h4 18. Bxg4 Nxg4 19. Qf5 hxg3 20. Qxd7+ Kxd7 21. h3 Nf2+ 22. Kg2 f5 23. Nxd5 g4 24. Nf4 Bxf4 25. exf4 gxh3+ 26. Nxh3 Rxh3 27. Be3 Rah8 28. Bxf2 gxf2 29. Kxf2 Rh2+ 30. Ke3 R8h3+ 31. Rf3 Rxf3+ 32. Kxf3 Nxd4+ 33. Kg3 Rxb2 34. Rd1 Rb4 35. Kh4 Ke6 36. Rc1 Ne2 37. Rc7 Rxf4+ 38. Kh3 Rb4 39. Kg2 Nf4+ 40. Kf3 Nd5 41. Rh7 Ke5 42. Rd7 Rf4+ 43. Kg3 Ra4 44. Rxb7 Rxa2 45. Kf3 Ra3+ 46. Kf2 Ke4 47. Rb8 Ra2+ 48. Kg1 Kf3 49. Rb3+ Ne3 50. Rb7 Ra1+ 51. Kh2 Ng4+ 0-1

[Event "Rosenbloom mem."]
[Site "Winnipeg CAN"]
[Date "2017.11.14"]
[Round "2"]
[White "Abusaleh, Yazan"]
[Black "Magyar, Peter"]
[Result "0-1"]
[WhiteElo "1344"]
[BlackElo "1506"]
[WhiteFideId "-1"]
[WhiteFideId "-1"]
[PlyCount "84"]
[GameId "2160767908309103"]
[EventDate "2017.11.07"]
[EventType "swiss"]
[EventRounds "7"]
[EventCountry "CAN"]

1. e4 e6 2. d4 d5 3. e5 c5 4. c3 Nc6 5. Nf3 b6 6. Bb5 Bd7 7. O-O Nxe5 8. Bxd7+ Nxd7 9. Be3 Ngf6 10. Re1 Be7 11. Nbd2 O-O 12. Nf1 cxd4 13. Bxd4 Bd6 14. h3 h6 15. Ng3 Qc7 16. Nf1 Rad8 17. Qd2 a5 18. a3 Rfe8 19. b4 e5 20. Be3 Ne4 21. Qc1 Nxc3 22. Bxh6 Ne2+ 23. Rxe2 gxh6 24. Qxh6 Re6 25. Qh4 Be7 26. Ng5 Bxg5 27. Qxg5+ Rg6 28. Qh4 Kg7 29. Re3 e4 30. Rg3 Ne5 31. Rxg6+ Nxg6 32. Qg4 Qd7 33. Qg3 d4 34. Rc1 Qd6 35. Qg4 axb4 36. axb4 Qf4 37. Qxf4 Nxf4 38. b5 Ne2+ 39. Kh2 Nxc1 40. Kg3 f5 41. Kf4 Kf6 42. Nd2 Ne2# 0-1

[Event "Rosenbloom mem."]
[Site "Winnipeg CAN"]
[Date "2017.11.14"]
[Round "2"]
[White "Bince, Rolando"]
[Black "Kernetsky, Myron"]
[Result "1/2-1/2"]
[WhiteElo "1992"]
[BlackElo "2085"]
[WhiteFideId "-1"]
[WhiteFideId "-1"]
[PlyCount "126"]
[GameId "2160767908309104"]
[EventDate "2017.11.07"]
[EventType "swiss"]
[EventRounds "7"]
[EventCountry "CAN"]

1. c4 e5 2. Nc3 Nc6 3. g3 f5 4. Bg2 Nf6 5. d3 Be7 6. Nd5 d6 7. b4 O-O 8. b5 Nd4 9. Bb2 Ne6 10. e3 Rb8 11. a4 c6 12. Nxe7+ Qxe7 13. Ba3 Qc7 14. Rb1 Bd7 15. Ne2 Be8 16. Nc3 Bh5 17. Qb3 Bf7 18. O-O Nd7 19. Qc2 Bg6 20. f4 Rfe8 21. Rfe1 exf4 22. gxf4 a6 23. Qf2 axb5 24. cxb5 Nec5 25. Qc2 Ra8 26. d4 Ne6 27. bxc6 bxc6 28. Nb5 cxb5 29. Qxc7 Nxc7 30. Bxa8 Nxa8 31. axb5 d5 32. Bc5 Nab6 33. Kf2 Rc8 34. Rec1 Rb8 35. Bd6 Rb7 36. Rc7 Rxc7 37. Bxc7 Kf7 38. Ra1 Ke7 39. Ra7 Nc8 40. Ra6 Be8 41. b6 Nd6 42. Ra7 Nb5 43. Ra5 Nxc7 44. bxc7 Nb6 45. Rxd5 g6 46. Rd8 Bd7 47. Rh8 h5 48. Kg3 Kd6 49. Rg8 Kxc7 50. Rxg6 Nd5 51. Kf2 Kd8 52. Rh6 Ke7 53. Rxh5 Nf6 54. Rh8 Kf7 55. h3 Bc6 56. Rc8 Bd5 57. Rb8 Kg6 58. Rb6 Kg7 59. Kg3 Kg6 60. Kh4 Bf7 61. Rb1 Be6 62. Ra1 Bd5 63. Ra5 Bc4 1/2-1/2

[Event "Rosenbloom mem."]
[Site "Winnipeg CAN"]
[Date "2017.11.14"]
[Round "2"]
[White "Boron, Anthony"]
[Black "Czypinski, Jaroslaw"]
[Result "1-0"]
[WhiteElo "2074"]
[BlackElo "1933"]
[WhiteFideId "-1"]
[WhiteFideId "-1"]
[PlyCount "39"]
[GameId "2160767908309105"]
[EventDate "2017.11.07"]
[EventType "swiss"]
[EventRounds "7"]
[EventCountry "CAN"]

1. d4 e6 2. e4 d5 3. Nd2 dxe4 4. Nxe4 Be7 5. Nf3 Nd7 6. Bd3 Ngf6 7. Nfg5 Nxe4 8. Nxe4 Nf6 9. c3 O-O 10. O-O Nxe4 11. Bxe4 c5 12. dxc5 Qxd1 13. Rxd1 Bxc5 14. Bf4 Re8 15. Bd6 Bxd6 16. Rxd6 Rb8 17. Rad1 Kf8 18. h4 h6 19. c4 b6 20. Bc6 1-0

[Event "Rosenbloom mem."]
[Site "Winnipeg CAN"]
[Date "2017.11.14"]
[Round "2"]
[White "Einarsson, Ken"]
[Black "Patel, Aalekh"]
[Result "1-0"]
[WhiteElo "1786"]
[BlackElo "1583"]
[WhiteFideId "-1"]
[WhiteFideId "-1"]
[PlyCount "123"]
[GameId "2160767908309106"]
[EventDate "2017.11.07"]
[EventType "swiss"]
[EventRounds "7"]
[EventCountry "CAN"]

1. d4 Nf6 2. c4 e6 3. Nc3 Bb4 4. Bd2 O-O 5. Nf3 c5 6. a3 cxd4 7. axb4 dxc3 8. Bxc3 b5 9. c5 Nc6 10. e3 a6 11. Bxb5 Bb7 12. Ba4 Nd5 13. O-O Ndxb4 14. Bxb4 Nxb4 15. Qxd7 Qxd7 16. Bxd7 Rfd8 17. Ne5 f6 18. Bxe6+ Kf8 19. Nc4 Bc8 20. Bxc8 Raxc8 21. Ra4 Nd3 22. b4 Rb8 23. Nb6 a5 24. Rxa5 Nxb4 25. Rb1 Nc6 26. Rab5 Rb7 27. Kf1 Ra7 28. Nc4 Ra2 29. Nd6 Ne5 30. Rb8 Rxb8 31. Rxb8+ Ke7 32. f4 Nd3 33. Nf5+ Kd7 34. Rb7+ Kc6 35. Rxg7 Rf2+ 36. Kg1 Kxc5 37. Rxh7 Re2 38. h4 Re1+ 39. Kh2 Nf2 40. Kg3 Nd3 41. Rc7+ Kd5 42. Rc3 Nc1 43. Kf2 Rd1 44. Ng3 Rd2+ 45. Kf3 Nd3 46. e4+ Ke6 47. Ne2 Ne1+ 48. Kf2 Nxg2 49. Kxg2 Rxe2+ 50. Kf3 Re1 51. Rc6+ Kf7 52. h5 Rg1 53. Rc7+ Kg8 54. h6 Rh1 55. h7+ Rxh7 56. Rxh7 Kxh7 57. Kg4 Kg7 58. Kf3 Kf7 59. Ke3 Ke6 60. Kd4 Kd6 61. f5 Ke7 62. Kc5 1-0

[Event "Rosenbloom mem."]
[Site "Winnipeg CAN"]
[Date "2017.11.14"]
[Round "2"]
[White "Green, Jim"]
[Black "Wolchock, Theo"]
[Result "0-1"]
[WhiteElo "1992"]
[BlackElo "2085"]
[WhiteFideId "-1"]
[WhiteFideId "-1"]
[PlyCount "128"]
[GameId "2160767908309107"]
[EventDate "2017.11.07"]
[EventType "swiss"]
[EventRounds "7"]
[EventCountry "CAN"]

1. e4 c5 2. Nf3 g6 3. c4 Bg7 4. Nc3 Nc6 5. Be2 d6 6. O-O e5 7. d3 Nge7 8. Nd5 O-O 9. Ne1 f5 10. Bg5 h6 11. Bxe7 Nxe7 12. Nxe7+ Qxe7 13. exf5 gxf5 14. Qd2 Qg5 15. Qxg5 hxg5 16. Bf3 Be6 17. Rc1 Rab8 18. b3 b6 19. g3 Rbd8 20. Nc2 d5 21. Rcd1 d4 22. Bg2 Rde8 23. f3 Bf7 24. h3 Bg6 25. g4 e4 26. fxe4 fxe4 27. Rxf8+ Kxf8 28. Rf1+ Kg8 29. dxe4 d3 30. Ne1 d2 31. Nf3 Bxe4 32. Rd1 Bc3 33. Kf2 Bc2 34. Rxd2 Bxd2 35. Nxd2 Bg6 36. Bd5+ Kg7 37. a3 Bf7 38. Bc6 Rd8 39. Ke3 Rd6 40. Be4 Kf6 41. Bf3 Bg6 42. Bd5 Rd8 43. Kf3 Rh8 44. Kg3 Re8 45. Kf3 Bc2 46. Kf2 Bd3 47. Kf3 Re7 48. Bc6 Ke5 49. Bd5 Re8 50. Bc6 Rf8+ 51. Ke3 Bf1 52. Bd5 Bxh3 53. Nf3+ Kf6 54. Be4 Bxg4 55. Nd2 Bf5 56. Bd5 Re8+ 57. Kf3 g4+ 58. Kf4 Re2 59. Ne4+ Bxe4 60. Bxe4 Rb2 61. Kxg4 Rxb3 62. a4 Rb4 63. Bd5 Rxa4 64. Bc6 Rxc4+ 0-1

[Event "Rosenbloom mem."]
[Site "Winnipeg CAN"]
[Date "2017.11.14"]
[Round "2"]
[White "Letain, Cory"]
[Black "Gannon, Keith"]
[Result "0-1"]
[WhiteElo "1613"]
[BlackElo "1401"]
[WhiteFideId "-1"]
[WhiteFideId "-1"]
[PlyCount "98"]
[GameId "2160767908309108"]
[EventDate "2017.11.07"]
[EventType "swiss"]
[EventRounds "7"]
[EventCountry "CAN"]

1. e4 c5 2. c3 d6 3. Nf3 Nf6 4. e5 dxe5 5. Nxe5 e6 6. Bb5+ Bd7 7. Nxd7 Nbxd7 8. O-O Bd6 9. d4 cxd4 10. cxd4 O-O 11. Bg5 Qa5 12. Nc3 a6 13. Bxf6 Nxf6 14. Bd3 Qh5 15. Qxh5 Nxh5 16. Be4 Rab8 17. d5 exd5 18. Bxd5 Nf4 19. Rad1 Be5 20. Rc1 Bxc3 21. bxc3 Ne2+ 22. Kh1 Nxc1 23. Rxc1 b5 24. c4 bxc4 25. Bxc4 Rb6 26. h3 Rfb8 27. Kh2 a5 28. Rd1 a4 29. Rd7 Rf6 30. Ra7 Rxf2 31. Rxa4 Rf4 32. Kg3 g5 33. Bb3 Rxa4 34. Bxa4 Kg7 35. Bb3 Rb4 36. Kf3 f5 37. Ke3 h5 38. Kd3 f4 39. Kc3 Re4 40. a4 Re3+ 41. Kb4 Re4+ 42. Bc4 g4 43. hxg4 hxg4 44. Kc5 f3 45. gxf3 gxf3 46. a5 Rxc4+ 47. Kxc4 f2 48. a6 f1=Q+ 49. Kc5 Qxa6 0-1

[Event "Rosenbloom mem."]
[Site "Winnipeg CAN"]
[Date "2017.11.14"]
[Round "2"]
[White "Trueman, Francis"]
[Black "Remillard, John"]
[Result "1/2-1/2"]
[WhiteElo "1498"]
[BlackElo "1619"]
[WhiteFideId "-1"]
[WhiteFideId "-1"]
[PlyCount "53"]
[GameId "2160767908309110"]
[EventDate "2017.11.07"]
[EventType "swiss"]
[EventRounds "7"]
[EventCountry "CAN"]

1. e4 e5 2. d3 c6 3. a4 d5 4. Nd2 Bc5 5. Ngf3 Bg4 6. h3 Bxf3 7. Qxf3 Nf6 8. g3 Nbd7 9. Bg2 dxe4 10. dxe4 O-O 11. O-O b5 12. c3 a5 13. Qe2 Qb6 14. Nf3 b4 15. c4 Be7 16. Be3 c5 17. Nd2 Ne8 18. b3 Nc7 19. Nf3 Ne6 20. Rad1 Rad8 21. Nh2 Nd4 22. Bxd4 cxd4 23. Nf3 f6 24. Ne1 Nc5 25. Qc2 Rd6 26. Nd3 Rfd8 27. f3 1/2-1/2

[Event "Rosenbloom mem."]
[Site "Winnipeg CAN"]
[Date "2017.11.14"]
[Round "2"]
[White "Viznytsya, Yevhen"]
[Black "Lysak, Andriy"]
[Result "0-1"]
[WhiteElo "1613"]
[BlackElo "1401"]
[WhiteFideId "-1"]
[WhiteFideId "-1"]
[PlyCount "98"]
[GameId "2160767908309111"]
[EventDate "2017.11.07"]
[EventType "swiss"]
[EventRounds "7"]
[EventCountry "CAN"]

1. d4 d5 2. Nf3 Nf6 3. e3 Bf5 4. c4 c6 5. c5 Nbd7 6. Nc3 e6 7. Be2 b6 8. cxb6 axb6 9. O-O Bd6 10. a3 Qc7 11. g3 Bh3 12. Re1 h6 13. Bf1 Bg4 14. Bg2 O-O 15. e4 dxe4 16. Nxe4 Nxe4 17. Rxe4 Nf6 18. Re1 Rfd8 19. Qc2 Bf5 20. Qc3 Nd5 21. Qb3 Be7 22. Be3 Nxe3 23. Qxe3 Bf6 24. Ne5 Bxe5 25. dxe5 Rd3 26. Qc1 Rc8 27. Re3 c5 28. Rxd3 Bxd3 29. Qe3 Rd8 30. Rd1 Bc4 31. Rxd8+ Qxd8 32. Qc1 Qd4 33. Bc6 Bd5 34. Bxd5 exd5 35. Qc3 Qxc3 36. bxc3 g5 37. Kf1 Kg7 38. Ke2 Kg6 39. Ke3 Kf5 40. f4 b5 41. h3 gxf4+ 42. gxf4 h5 43. Kf3 d4 44. cxd4 cxd4 45. h4 d3 46. Ke3 d2 47. Kxd2 Kxf4 48. Kc3 Kxe5 49. Kb4 f5 0-1

[Event "Rosenbloom mem."]
[Site "Winnipeg CAN"]
[Date "2017.11.21"]
[Round "3"]
[White "Abusaleh, Yazan"]
[Black "Letain, Cory"]
[Result "0-1"]
[WhiteElo "1274"]
[BlackElo "1686"]
[WhiteFideId "-1"]
[WhiteFideId "-1"]
[PlyCount "146"]
[GameId "2160767908309112"]
[EventDate "2017.11.07"]
[EventType "swiss"]
[EventRounds "7"]
[EventCountry "CAN"]
[SourceTitle "EXT 2022"]
[Source "ChessBase"]
[SourceDate "2021.10.06"]
[SourceVersion "1"]
[SourceVersionDate "2021.10.06"]
[SourceQuality "1"]

1. e4 e5 2. Nf3 Nf6 3. Nc3 Bb4 4. a3 Bxc3 5. dxc3 d6 6. Bg5 O-O 7. Bc4 Bg4 8. O-O Nbd7 9. h3 Bh5 10. Re1 Qc8 11. Be2 Nxe4 12. Qc1 Ndf6 13. Bxf6 Nxf6 14. Qg5 h6 15. Qg3 Qf5 16. Bd3 Qf4 17. Qxf4 exf4 18. Nd4 Rfe8 19. Nf5 Rxe1+ 20. Rxe1 Re8 21. Rxe8+ Nxe8 22. g4 fxg3 23. fxg3 Kf8 24. Kf2 Nf6 25. g4 Bg6 26. c4 Bxf5 27. Bxf5 Ke7 28. Kg3 b6 29. h4 c5 30. Kf3 g6 31. Bc8 Ne8 32. Ke3 Nc7 33. c3 d5 34. Kd3 Kf6 35. b4 cxb4 36. cxb4 dxc4+ 37. Kxc4 Ke5 38. a4 Kf4 39. a5 Kg3 40. Kd4 f6 41. g5 hxg5 42. hxg5 fxg5 43. Ke5 Kh4 44. Bb7 g4 45. Kf4 g5+ 46. Ke3 g3 47. Bg2 Ne6 48. axb6 axb6 49. Ke2 Nf4+ 50. Kf1 Nxg2 51. Kxg2 Kg4 52. b5 Kf4 53. Kg1 Kf3 54. Kf1 g2+ 55. Kg1 g4 56. Kh2 g1=Q+ 57. Kxg1 Kg3 58. Kf1 Kh2 59. Ke2 g3 60. Kd3 g2 61. Kd4 g1=Q+ 62. Kd5 Qc5+ 63. Ke4 Qxb5 64. Kd4 Qc5+ 65. Ke4 b5 66. Kf4 b4 67. Ke4 b3 68. Kf4 b2 69. Ke4 b1=Q+ 70. Kf4 Qbb4+ 71. Kf3 Qcc3+ 72. Ke2 Qbb2+ 73. Kd1 Qcc1# 0-1

[Event "Rosenbloom mem."]
[Site "Winnipeg CAN"]
[Date "2017.11.21"]
[Round "3"]
[White "Czarny, Keith"]
[Black "Rutter, Blair"]
[Result "0-1"]
[WhiteElo "1688"]
[BlackElo "2015"]
[WhiteFideId "-1"]
[WhiteFideId "-1"]
[PlyCount "96"]
[GameId "2160767908309113"]
[EventDate "2017.11.07"]
[EventType "swiss"]
[EventRounds "7"]
[EventCountry "CAN"]
[SourceTitle "EXT 2022"]
[Source "ChessBase"]
[SourceDate "2021.10.06"]
[SourceVersion "1"]
[SourceVersionDate "2021.10.06"]
[SourceQuality "1"]

1. Nc3 d5 2. d4 Nf6 3. Nf3 Bg4 4. Ne5 Bh5 5. g3 Nbd7 6. Bf4 c6 7. Bg2 e6 8. O-O Be7 9. h3 Nxe5 10. Bxe5 O-O 11. Rc1 Nd7 12. a3 Nb6 13. Qd3 Nc4 14. Rb1 Bg6 15. Qd1 h6 16. h4 Qd7 17. Bf4 f5 18. Ra1 Nxb2 19. Qc1 Nc4 20. Nd1 Bd6 21. Bxd6 Nxd6 22. Nb2 Rf7 23. Nd3 Re7 24. Ne5 Qe8 25. Qf4 Rd8 26. Bf3 Nc4 27. Nd3 Bh5 28. Bxh5 Qxh5 29. Rfe1 g5 30. Qf3 Qg6 31. Kh2 Rg7 32. Rg1 Qf6 33. c3 Rdd7 34. Nc5 Rde7 35. e4 Nd2 36. Qe2 Nxe4 37. Nd3 gxh4 38. Nf4 Rg4 39. f3 hxg3+ 40. Kg2 Rxf4 41. Rh1 Nxc3 42. Qd2 Qxd4 43. Qxd4 Rxd4 44. Rxh6 f4 45. Rah1 Rd2+ 46. Kh3 Rh2+ 47. Rxh2 gxh2 48. Kxh2 Rh7 0-1

[Event "Rosenbloom mem."]
[Site "Winnipeg CAN"]
[Date "2017.11.21"]
[Round "3"]
[White "Czypinski, Jaroslaw"]
[Black "He, Michael"]
[Result "1-0"]
[WhiteElo "1933"]
[BlackElo "1260"]
[WhiteFideId "-1"]
[WhiteFideId "-1"]
[PlyCount "64"]
[GameId "2160767908309114"]
[EventDate "2017.11.07"]
[EventType "swiss"]
[EventRounds "7"]
[EventCountry "CAN"]
[SourceTitle "EXT 2022"]
[Source "ChessBase"]
[SourceDate "2021.10.06"]
[SourceVersion "1"]
[SourceVersionDate "2021.10.06"]
[SourceQuality "1"]

1. e4 e5 2. Nf3 Nc6 3. Bb5 Nf6 4. O-O Bc5 5. Bxc6 bxc6 6. Nxe5 O-O 7. d4 Bb6 8. Bg5 h6 9. Bh4 g5 10. Bg3 Nxe4 11. Nc3 Nxg3 12. fxg3 Re8 13. Nxf7 Qe7 14. Nxh6+ Kh7 15. Rf7+ Kxh6 16. Rxe7 Rxe7 17. Qd2 Ba6 18. a4 Ba5 19. h4 Rg8 20. Re1 Rf7 21. Re5 Bxc3 22. bxc3 Rfg7 23. Ra5 Bc8 24. Rxa7 d6 25. Ra8 Kh5 26. Qf2 gxh4 27. Rxc8 Rxc8 28. Qf5+ Rg5 29. g4+ Kh6 30. Qxc8 Ra5 31. Qh8+ Kg6 32. Qh5+ Kf6 1-0

[Event "Rosenbloom mem."]
[Site "Winnipeg CAN"]
[Date "2017.11.21"]
[Round "3"]
[White "Furda, Evheniya Diana"]
[Black "Trueman, Francis"]
[Result "1/2-1/2"]
[WhiteElo "1597"]
[BlackElo "1498"]
[WhiteFideId "-1"]
[WhiteFideId "-1"]
[PlyCount "34"]
[GameId "2160767908309115"]
[EventDate "2017.11.07"]
[EventType "swiss"]
[EventRounds "7"]
[EventCountry "CAN"]
[SourceTitle "EXT 2022"]
[Source "ChessBase"]
[SourceDate "2021.10.06"]
[SourceVersion "1"]
[SourceVersionDate "2021.10.06"]
[SourceQuality "1"]

1. e4 d6 2. d4 Nd7 3. c4 e5 4. d5 Ngf6 5. Nc3 a5 6. Nf3 Nc5 7. Qc2 g6 8. Be2 Bg7 9. O-O O-O 10. Bg5 Re8 11. h4 h5 12. Rfe1 Ncd7 13. Qd2 Nf8 14. Rf1 N8h7 15. Bh6 Bg4 16. Bxg7 Kxg7 17. Rac1 Nd7 1/2-1/2

[Event "Rosenbloom mem."]
[Site "Winnipeg CAN"]
[Date "2017.11.21"]
[Round "3"]
[White "Gannon, Keith"]
[Black "Viznytsya, Yevhen"]
[Result "0-1"]
[WhiteElo "1462"]
[BlackElo "1613"]
[WhiteFideId "-1"]
[WhiteFideId "-1"]
[PlyCount "82"]
[GameId "2160767908309117"]
[EventDate "2017.11.07"]
[EventType "swiss"]
[EventRounds "7"]
[EventCountry "CAN"]
[SourceTitle "EXT 2022"]
[Source "ChessBase"]
[SourceDate "2021.10.06"]
[SourceVersion "1"]
[SourceVersionDate "2021.10.06"]
[SourceQuality "1"]

1. e4 Nc6 2. d4 e6 3. c4 d5 4. cxd5 exd5 5. e5 Nge7 6. Nc3 g6 7. Nf3 Bg7 8. Bb5 a6 9. Ba4 O-O 10. O-O Be6 11. Re1 Na5 12. b4 Nc4 13. b5 c6 14. bxc6 bxc6 15. Bg5 f6 16. exf6 Bxf6 17. Rxe6 Bxg5 18. Nxg5 Nf5 19. Nf3 Nh4 20. Nxh4 Qxh4 21. Re2 Rac8 22. Bb3 Nd6 23. g3 Qf6 24. Qd2 Nf5 25. Rd1 h5 26. Bc2 h4 27. Bxf5 Qxf5 28. Re5 Qf3 29. Re6 h3 30. Rxg6+ Kf7 31. Qf4+ Qxf4 32. gxf4 Kxg6 33. Ne2 Rb8 34. Rc1 Rb2 35. Rxc6+ Kg7 36. Rc7+ Kg8 37. Ng3 Rxf4 38. Rc8+ Kf7 39. Rc7+ Ke8 40. Rh7 Rb1+ 41. Nf1 Rg4+ 0-1

[Event "Rosenbloom mem."]
[Site "Winnipeg CAN"]
[Date "2017.11.21"]
[Round "3"]
[White "Gerona, Joshua"]
[Black "Bince, Rolando"]
[Result "1-0"]
[WhiteElo "1995"]
[BlackElo "1992"]
[WhiteFideId "-1"]
[WhiteFideId "-1"]
[PlyCount "107"]
[GameId "2160767908309118"]
[EventDate "2017.11.07"]
[EventType "swiss"]
[EventRounds "7"]
[EventCountry "CAN"]
[SourceTitle "EXT 2022"]
[Source "ChessBase"]
[SourceDate "2021.10.06"]
[SourceVersion "1"]
[SourceVersionDate "2021.10.06"]
[SourceQuality "1"]

1. d4 Nf6 2. c4 e6 3. Nf3 d5 4. Nc3 Bb4 5. Qb3 c5 6. g3 O-O 7. Bg2 Nc6 8. cxd5 exd5 9. O-O Bxc3 10. bxc3 c4 11. Qc2 Ne4 12. Nd2 f5 13. f3 Nd6 14. e4 fxe4 15. fxe4 Rxf1+ 16. Kxf1 dxe4 17. Nxe4 Bf5 18. Bf4 Nf7 19. Re1 Qa5 20. Qd2 Rf8 21. Kg1 h6 22. Nd6 Nxd6 23. Bxd6 Rc8 24. Bxc6 bxc6 25. Re5 Qd8 26. Qf4 Bd3 27. Re7 Qf8 28. Qxf8+ Rxf8 29. Rxa7 Rf1+ 30. Kg2 Rc1 31. Bb4 g5 32. g4 Re1 33. Re7 Ra1 34. Ra7 Re1 35. a4 Re2+ 36. Kf3 Rxh2 37. a5 Rh3+ 38. Kg2 Re3 39. a6 Be4+ 40. Kf2 Rf3+ 41. Ke2 c5 42. dxc5 Rf7 43. Rxf7 Kxf7 44. Ke3 Bc6 45. Kd4 Ke6 46. Ba5 Kd7 47. Kxc4 Kc8 48. Kd4 Bb5 49. a7 Bc6 50. Ke5 Kd7 51. Kf5 Ba8 52. Kg6 Kc6 53. Bb6 Kd5 54. Kxh6 1-0

[Event "Rosenbloom mem."]
[Site "Winnipeg CAN"]
[Date "2017.11.21"]
[Round "3"]
[White "Kernetsky, Myron"]
[Black "Einarsson, Ken"]
[Result "1-0"]
[WhiteElo "2085"]
[BlackElo "1786"]
[WhiteFideId "-1"]
[WhiteFideId "-1"]
[PlyCount "65"]
[GameId "2160767908309119"]
[EventDate "2017.11.07"]
[EventType "swiss"]
[EventRounds "7"]
[EventCountry "CAN"]
[SourceTitle "EXT 2022"]
[Source "ChessBase"]
[SourceDate "2021.10.06"]
[SourceVersion "1"]
[SourceVersionDate "2021.10.06"]
[SourceQuality "1"]

1. d4 c6 2. c4 d5 3. Nf3 Nf6 4. e3 Bg4 5. cxd5 cxd5 6. Qb3 Qc7 7. Bd2 e6 8. Bb5+ Nbd7 9. O-O Bxf3 10. gxf3 Bd6 11. f4 O-O 12. Nc3 a6 13. Bd3 Qd8 14. Rac1 Ng4 15. f3 Nh6 16. Rf2 f5 17. Rg2 b5 18. Ne2 Nf6 19. Bb4 Bxb4 20. Qxb4 Rc8 21. Qa3 Qb6 22. Qe7 Rxc1+ 23. Nxc1 Nf7 24. Nb3 Qd6 25. Qxf6 g6 26. Nc5 Nd8 27. Qg5 Nf7 28. Qf6 Nd8 29. Qe5 Qxe5 30. fxe5 f4 31. Kf2 fxe3+ 32. Kxe3 Kf7 33. Nxa6 1-0

[Event "Rosenbloom mem."]
[Site "Winnipeg CAN"]
[Date "2017.11.21"]
[Round "3"]
[White "Leaden, Bruce"]
[Black "Reimer, Bruce"]
[Result "1-0"]
[WhiteElo "1539"]
[BlackElo "1607"]
[WhiteFideId "-1"]
[WhiteFideId "-1"]
[PlyCount "117"]
[GameId "2160767908309120"]
[EventDate "2017.11.07"]
[EventType "swiss"]
[EventRounds "7"]
[EventCountry "CAN"]
[SourceTitle "EXT 2022"]
[Source "ChessBase"]
[SourceDate "2021.10.06"]
[SourceVersion "1"]
[SourceVersionDate "2021.10.06"]
[SourceQuality "1"]

1. e4 g6 2. Nf3 Bg7 3. d4 d6 4. Bc4 e6 5. O-O a6 6. a4 b6 7. Re1 Nd7 8. Bg5 Ne7 9. Nbd2 h6 10. Be3 O-O 11. Rb1 Bb7 12. Bd3 c5 13. e5 dxe5 14. dxe5 Kh7 15. Nc4 Qc7 16. Nd6 Nxe5 17. Nxe5 Bxe5 18. Nxb7 Qxb7 19. Bd2 Qc7 20. g3 Bg7 21. Bf4 e5 22. Bc1 Rfd8 23. Qe2 Nc6 24. c3 f5 25. Bxa6 Na5 26. b4 Qa7 27. bxa5 Qxa6 28. Qxa6 Rxa6 29. axb6 Rb8 30. Be3 Rbxb6 31. Rxb6 Rxb6 32. Bxc5 Ra6 33. Ra1 e4 34. Bb4 Kg8 35. a5 Kf7 36. Rd1 Ke8 37. Kf1 Bf8 38. Ke2 Ra7 39. h4 Rb7 40. a6 Ra7 41. Ra1 Be7 42. f3 exf3+ 43. Kxf3 Kd7 44. Bxe7 Kxe7 45. g4 fxg4+ 46. Kxg4 g5 47. hxg5 hxg5 48. Kxg5 Kd6 49. Ra5 Kc6 50. Kf5 Kb6 51. Ra1 Rxa6 52. Rxa6+ Kxa6 53. Ke5 Kb5 54. Kd5 Kb6 55. c4 Kc7 56. Kc5 Kd7 57. Kb6 Kd8 58. Kb7 Kd7 59. c5 1-0

[Event "Rosenbloom mem."]
[Site "Winnipeg CAN"]
[Date "2017.11.21"]
[Round "3"]
[White "Lysak, Andriy"]
[Black "Baron, Gustav"]
[Result "0-1"]
[WhiteElo "1668"]
[BlackElo "2143"]
[WhiteFideId "-1"]
[WhiteFideId "-1"]
[PlyCount "44"]
[GameId "2160767908309121"]
[EventDate "2017.11.07"]
[EventType "swiss"]
[EventRounds "7"]
[EventCountry "CAN"]
[SourceTitle "EXT 2022"]
[Source "ChessBase"]
[SourceDate "2021.10.06"]
[SourceVersion "1"]
[SourceVersionDate "2021.10.06"]
[SourceQuality "1"]

1. e4 c6 2. Nf3 d5 3. exd5 cxd5 4. d4 Nc6 5. c3 Bg4 6. h3 Bh5 7. Bf4 Qb6 8. b3 e6 9. Be2 Nf6 10. Nbd2 Rc8 11. O-O Be7 12. Rc1 Ba3 13. Rb1 Bg6 14. b4 Bxb1 15. Nxb1 Bxb4 16. cxb4 Qxb4 17. Qd2 Qe7 18. Nc3 O-O 19. Rb1 a6 20. Bg5 b5 21. Ne5 Nb8 22. Ng4 Nbd7 0-1

[Event "Rosenbloom mem."]
[Site "Winnipeg CAN"]
[Date "2017.11.21"]
[Round "3"]
[White "Magyar, Peter"]
[Black "Green, Jim"]
[Result "0-1"]
[WhiteElo "1506"]
[BlackElo "1871"]
[WhiteFideId "-1"]
[WhiteFideId "-1"]
[PlyCount "42"]
[GameId "2160767908309122"]
[EventDate "2017.11.07"]
[EventType "swiss"]
[EventRounds "7"]
[EventCountry "CAN"]
[SourceTitle "EXT 2022"]
[Source "ChessBase"]
[SourceDate "2021.10.06"]
[SourceVersion "1"]
[SourceVersionDate "2021.10.06"]
[SourceQuality "1"]

1. d4 d5 2. Bf4 Nf6 3. h3 c6 4. Nf3 e6 5. e3 Bd6 6. Ne5 O-O 7. Be2 Qc7 8. Nd2 Nbd7 9. Ndf3 Ne4 10. O-O f6 11. Rc1 fxe5 12. Bh2 exd4 13. exd4 Bxh2+ 14. Nxh2 e5 15. c4 Qb6 16. cxd5 cxd5 17. dxe5 Nxf2 18. Qxd5+ Kh8 19. Qd6 Nxh3+ 20. Kh1 Qg1+ 21. Rxg1 Nf2# 0-1

[Event "Rosenbloom mem."]
[Site "Winnipeg CAN"]
[Date "2017.11.21"]
[Round "3"]
[White "Patel, Aalekh"]
[Black "Mandusic, Ante"]
[Result "1/2-1/2"]
[WhiteElo "1573"]
[BlackElo "1250"]
[WhiteFideId "-1"]
[WhiteFideId "-1"]
[PlyCount "117"]
[GameId "2160767908309123"]
[EventDate "2017.11.07"]
[EventType "swiss"]
[EventRounds "7"]
[EventCountry "CAN"]
[SourceTitle "EXT 2022"]
[Source "ChessBase"]
[SourceDate "2021.10.06"]
[SourceVersion "1"]
[SourceVersionDate "2021.10.06"]
[SourceQuality "1"]

1. e4 e5 2. Nf3 Nc6 3. Bc4 Nf6 4. d3 Be7 5. Nc3 d6 6. h3 a6 7. a4 b6 8. Be3 Bb7 9. Nd5 O-O 10. Nxe7+ Nxe7 11. O-O c5 12. c3 d5 13. exd5 Nexd5 14. Nxe5 Qe7 15. d4 Rfc8 16. Bd3 Nxe3 17. fxe3 g6 18. Qb3 Bd5 19. Qxb6 c4 20. Bxg6 hxg6 21. Qxf6 Qxf6 22. Rxf6 Kg7 23. Raf1 Rf8 24. Nd7 Rfd8 25. Nb6 Ra7 26. Nxd5 Rxd5 27. Rc6 Rb7 28. Rf2 a5 29. Rxc4 Rd8 30. Rc5 Ra7 31. e4 Rdd7 32. d5 Re7 33. Rc4 Rad7 34. Rd4 Re5 35. c4 Rc7 36. d6 Rd7 37. Rc2 Rc5 38. Re2 Re5 39. Rf2 Re6 40. c5 f6 41. c6 Rdxd6 42. Rxd6 Rxd6 43. Rc2 Rd8 44. Rc5 Rc8 45. Rxa5 Rxc6 46. e5 fxe5 47. Rxe5 Rf6 48. a5 Rf7 49. a6 Rd7 50. Ra5 Ra7 51. b4 Kh6 52. b5 Rh7 53. a7 Rg7 54. a8=Q Kh7 55. b6 Kh6 56. b7 Rxb7 57. Qxb7 g5 58. Ra6+ Kh5 59. Qh7# 1/2-1/2